| 000 | 00735nam a2200217 u 4500 | ||
|---|---|---|---|
| 999 |
_c7941 _d7941 |
||
| 001 | 991061179176706706 | ||
| 003 | OSt | ||
| 005 | 20240925112253.0 | ||
| 008 | s2021 xx r 000 0 cat d | ||
| 020 | _a9788410255098 | ||
| 040 |
_aCDMR _bcat _cCDMR |
||
| 100 | 1 |
_aGiró, Xavier _9415 |
|
| 245 |
_aContra la neutralitat _b: un periodisme de pau i de lluita _c/ Xavier Giró Martí |
||
| 260 |
_aSant Cugat del Vallès : _bPol·len Edicions : _bCrític, _c2024 |
||
| 300 | _a327 pàgines | ||
| 490 |
_aL'Observatori _v; 42 |
||
| 650 | 0 |
_93820 _aConflictes socials en els mitjans de comunicació de massa |
|
| 650 | 0 |
_93195 _aDrets humans |
|
| 650 | 0 |
_94748 _aGuerra en els mitjans de comunicació de massa |
|
| 942 |
_2udc _cMON |
||